Go to main content
000005425 001__ 5425
000005425 005__ 20260122091515.0
000005425 02470 $$2Collection name$$aEsther Pohl Lovejoy papers
000005425 0247_ $$2DOI$$a10.6083/M4JW8CC8
000005425 02470 $$2Collection number$$a2001-011
000005425 037__ $$aDA
000005425 245__ $$aPortrait of Esther Pohl Lovejoy in a Red Cross uniform
000005425 260__ $$c1918 March
000005425 269__ $$a1918-03
000005425 336__ $$aStill image
000005425 520__ $$aBlack and white photograph of Esther Pohl Lovejoy in a Red Cross uniform during World War I.
000005425 540__ $$fCC BY-NC
000005425 542__ $$fCopyright Undetermined
000005425 650__ $$aWorld War I$$035996
000005425 650__ $$aPhysicians, Women$$024118
000005425 650__ $$aRed Cross$$025245
000005425 655__ $$aportraits$$041543
000005425 720__ $$7Personal$$aLovejoy, Esther Pohl, 1869-1967$$eDepicted$$010597
000005425 791__ $$2URL$$eIs described by$$tFinding Aid$$whttp://archiveswest.orbiscascade.org/ark:/80444/xv239989
000005425 8564_ $$96e8c06af-025a-4094-8645-075b6a75c053$$s1105164$$uhttps://digitalcollections.ohsu.edu/record/5425/files/80ca59b3a47a281749103b42b08fec4a.jpg$$ePublic$$2dbf9a0c30d6bd77e007566b23da49c72$$31
000005425 905__ $$a/rest/prod/zg/64/tm/30/zg64tm30p
000005425 956__ $$aGet Accessible Copy$$uhttps://ohsu.libwizard.com/f/requestaccessibledocument_HCA
000005425 980__ $$aEsther Pohl Lovejoy Collection